Normal view MARC view
  • Depressions

Entry Topical Term

Number of records used in: 3

001 - CONTROL NUMBER

  • control field: 7676

003 - CONTROL NUMBER IDENTIFIER

  • control field: NUST

005 - DATE AND TIME OF LATEST TRANSACTION

  • control field: 20171227111326.0

008 - FIXED-LENGTH DATA ELEMENTS

  • fixed length control field: 171227|| aca||aabn | a|a d

040 ## - CATALOGING SOURCE

  • Original cataloging agency: NUST
  • Transcribing agency: NUST

150 ## - HEADING--TOPICAL TERM

  • Topical term or geographic name entry element: Depressions
  • Chronological subdivision: 1929
  • Geographic subdivision: United States.

670 ## - SOURCE DATA FOUND

  • Source citation: Work cat.: (NUST)0: Love, Edmund G. 7672, Hanging on, or, How to get through a depression and enjoy life /, 1987
© 2023 Central Library, National University of Sciences and Technology. All Rights Reserved.